Missing Word: Greatest Songwriters (A-Z) Quiz Stats

 Plays Quiz Updated May 24, 2018

Challenge
Share
Tweet
Embed
Score 0/22 Timer 03:00
1 Play Today
Name Missing Word % Correct
_____ PartonDolly
96.7%
______ SwiftTaylor
96.3%
Jay _Z
94%
____ SimonPaul
93.6%
Kurt ______Cobain
92.9%
Willie ______Nelson
92.5%
___ MorrisonVan
92.5%
_____ CostelloElvis
92.2%
Neil _____Young
92.1%
_____ WestKanye
88%
____ DominoFats
86.6%
Name Missing Word % Correct
___ CookeSam
83.7%
____ FogertyJohn
83.2%
Barry, Robin & Maurice ____Gibb
81%
_______ CohenLeonard
79.9%
_____ HayesIsaac
75.1%
_____ NewmanRandy
74.7%
Bob ______Marley
74.5%
Don ______Henley
71.5%
_____ WilsonBrian
70.1%
_____ GuthrieWoody
67.2%
Billie Joe _________Armstrong
60.5%

Today's Daily Dose

Missing Word
Animated TV Series

Word Ladder
Boston

Quick Pick
'H' Literature

On This Day
August 16th II

You're not logged in!

Compare scores with friends on all Sporcle quizzes.
Join for Free
OR
Log In

You Might Also Like...

Show Comments

Extras

Top Quizzes Today


Score Distribution

Your Account Isn't Verified!

In order to create a playlist on Sporcle, you need to verify the email address you used during registration. Go to your Sporcle Settings to finish the process.

Report this User

Report this user for behavior that violates our Community Guidelines.

Details: